| 000 | 00382nam a2200145Ia 4500 | ||
|---|---|---|---|
| 008 | 260223s2024 xx 000 0 und d | ||
| 020 | _a9789390619719 | ||
| 041 | _aeng | ||
| 082 | _a610.73/MOM | ||
| 100 | _aPal.Panchali | ||
| 245 |
_aPediatric Nursing (GNM Nursing Student) _bPediatric |
||
| 260 |
_aNew Delhi _bCBS,Pub. _c2024 |
||
| 300 | _a544P | ||
| 650 | _aPediatric Nursing | ||
| 999 |
_c1216345 _d1216345 |
||